MLB Teams that have NEVER changed - Statistics

General Stats
  • This quiz has been taken 28 times
    24 since last reset
  • The average score is 5 of 8
Answer Stats
Answer % Correct
Seattle Mariners
76%
Arizona Diamondbacks
71%
Colorado Rockies
71%
San Diego Padres
71%
Detroit Tigers
62%
New York Mets
62%
Kansas City Royals
57%
Toronto Blue Jays
57%
No matching quizzes found
Score Distribution
Percent of People with Each Score
Percentile by Number Answered
Your Score History
You have not taken this quiz since the last reset